BIBLIOTECA PODER JUDICIAL
Portal Judicial TDF

¿Qué es la justicia? / (Registro nro. 329)

000 -LEADER
fixed length control field 01048nam a22002297a 4500
003 - CONTROL NUMBER IDENTIFIER
control field OSt
005 - DATE AND TIME OF LATEST TRANSACTION
control field 20181206095851.0
008 - FIXED-LENGTH DATA ELEMENTS--GENERAL INFORMATION
fixed length control field 180314b xxu||||| |||| 00| 0 spa d
020 ## - INTERNATIONAL STANDARD BOOK NUMBER
International Standard Book Number 8434411008
040 ## - CATALOGING SOURCE
Transcribing agency PJ
100 ## - MAIN ENTRY--PERSONAL NAME
9 (RLIN) 166
Personal name Kelsen, Hans
245 10 - TITLE STATEMENT
Title ¿Qué es la justicia? /
Statement of responsibility, etc Hans Kelsen; edición española a cargo de Albert Calsamiglia.
250 ## - EDITION STATEMENT
Edition statement 2a. ed.
260 ## - PUBLICATION, DISTRIBUTION, ETC. (IMPRINT)
Place of publication, distribution, etc Barcelona :
Name of publisher, distributor, etc Ariel,
Date of publication, distribution, etc 1992
300 ## - PHYSICAL DESCRIPTION
Extent 283 p.
Dimensions 20 cm.
490 ## - SERIES STATEMENT
Series statement Ariel Quincenal
Volume number/sequential designation 102
500 ## - GENERAL NOTE
General note Bibliografía y notas a pie de página.
505 ## - FORMATTED CONTENTS NOTE
Formatted contents note Contenido:<br/> ¿Qué es justicia? -- La doctrina del Derecho natural ante el tribunal de la ciencia -- Absolutismo y relativismo en filosofía de la ciencia -- Los juicios de valor en la ciencia del Derecho -- El Derecho como técnica social específica -- ¿Por que obedecer al Derecho ? -- Causalidad y retribución -- Causalidad y imputación -- Ciencia y política.
650 ## - SUBJECT ADDED ENTRY--TOPICAL TERM
Topical term or geographic name as entry element FILOSOFIA DEL DERECHO
9 (RLIN) 177
700 ## - ADDED ENTRY--PERSONAL NAME
9 (RLIN) 3302
Personal name Calsamiglia, Albert
942 ## - ADDED ENTRY ELEMENTS (KOHA)
Source of classification or shelving scheme
Koha item type Libros
Classification part 340.12
Item part KEL
Existencias
Withdrawn status Lost status Source of classification or shelving scheme Damaged status Not for loan Permanent Location Current Location Date acquired Full call number Barcode Date last seen Price effective from Koha item type
          Biblioteca Poder Judicial Sur Biblioteca Poder Judicial Sur 2018-04-27 340.12 KEL 3390 2018-04-27 2018-04-27 Libros

12 de Octubre 789 Ushuaia - Tel:  54(02901)441571
Horario de Atención: 8.00 a 17.00 hs. 
bibliotecaush@justierradelfuego.gov.ar
koha@justierradelfuego.gov.ar
Seguinos en nuestras redes @bibliojustdf 

Con tecnología Koha